000 01312cad a22002055a 4500
001 E151936
008 110111s2010 xxk f 000 0 eng d
035 _a(Sirsi) u151936
041 0 _aeng
110 2 _aHistoric Scotland
_92914
245 0 0 _aExternal walls
_h[electronic resource]
260 _aEdinburgh
_bHistoric Scotland
_c2010
490 0 _aManaging Change in the Historic Environment
520 _aOutlines the principles to be taken into account when dealing with the alteration of external walls to historic buildings. Should be used to inform planning policies and to assist with determining applications relating to the historic environment. Supersedes the equivalent guidance in "The Memorandum of Guidance on Listed Buildings & Conservation Areas" (1998). One of a series of guidance notes produced by Historic Scotland which illustrate the application of policies contained in the "Scottish Historic Environment Policy" (see E145752) and "The Scottish Planning Policy" (see E149213).
590 _aKA
651 4 _aScotland
_y1999-
690 _aBUILT ENVIRONMENT-BUILDING TYPES-ANCIENT MONUMENTS AND HISTORIC BUILDINGS
856 4 0 _uhttps://www.historic-scotland.gov.uk/index/heritage/policy/managingchange.htm
_zView the item free of charge at www.historic-scotland.gov.uk
942 _n0
999 _c111741
_d111741